| 000 | 00431nam a2200157Ia 4500 | ||
|---|---|---|---|
| 008 | 210210b1998 xxu||||| |||| 00| 0 eng d | ||
| 020 | _a81 87326 01 8 | ||
| 082 | _a181.4 KRIK | ||
| 100 | _aKRISHNAMURTI (J). | ||
| 245 | _aKrishnanurti for beginners:an anthology. | ||
| 260 |
_aChennai _bKrishnamurti Foundation India _c1998 |
||
| 300 | _a240 | ||
| 650 | _aJiddu Krishnamurti | ||
| 690 | _aIndian Philosophy | ||
| 906 | _aSG03374 | ||
| 999 |
_c113867 _d113867 |
||